La psycholinguistique: lectures

Guardat en:
Dades bibliogràfiques
Autor principal: Slama-Cazacu, Tatiana (Autor)
Format: Llibre
Idioma:francès
Publicat: París Klincksieck 1972
Col·lecció:Initiation a la Linguistique. Série A: Lectures, 4
Matèries:
Etiquetes: Afegir etiqueta
Sense etiquetes, Sigues el primer a etiquetar aquest registre!

MARC

LEADER 00000nam a2200000 a 4500
001 UCO9567
003 CL-VaPUC
008 010302e19720000FR |||||||||||||||||fre|d
082 0 4 |a 401.9  |b SLA  |2 21 
100 0 |a Slama-Cazacu, Tatiana  |e author  |9 454848 
245 1 3 |a La psycholinguistique: lectures 
300 |a 300 p 
942 |c BK 
945 |d 20010302 00:00:00  |a cmena 
260 |a París  |b Klincksieck  |c 1972 
650 0 |a Psicolingüística   |9 283371 
650 0 |a Investigación lingüística  |9 329785 
650 0 |a Adquisición del lenguaje   |9 309032 
583 |a last modification  |c 20010302 00:00:00  |k Rodrigo Vera 
490 0 |a Initiation a la Linguistique. Série A: Lectures, 4 
999 |c 293768  |d 293766 
952 |0 0  |1 0  |4 0  |6 401_900000000000000_SLA_1972  |7 0  |8 A  |9 345479  |a FDOPOS  |b FDOPOS  |d 2019-11-20  |i 3690652  |o 401.9 SLA 1972  |p 3690652  |r 2025-01-22  |w 2019-11-20  |y BK  |k MLA